প্রাকৃতিক ভূগোল। / (Record no. 32243)

MARC details
000 -LEADER
fixed length control field 00767nam a22001937a 4500
003 - CONTROL NUMBER IDENTIFIER
control field BDDh-ASL
005 - DATE AND TIME OF LATEST TRANSACTION
control field 20231015031351.0
008 - FIXED-LENGTH DATA ELEMENTS--GENERAL INFORMATION
fixed length control field 230503m19852006b ||||| |||| 00| 0 b d
040 ## - CATALOGING SOURCE
Transcribing agency BDDh-ASL
041 ## - LANGUAGE CODE
Language code of text/sound track or separate title bengali
082 ## - DEWEY DECIMAL CLASSIFICATION NUMBER
Classification number 910.02
Item number ISP
100 1# - MAIN ENTRY--PERSONAL NAME
Personal name ইসলাম, মোহাম্মদ নজরুল
Titles and words associated with a name প্রফেসর
9 (RLIN) 8164
245 10 - TITLE STATEMENT
Title প্রাকৃতিক ভূগোল। /
246 ## - VARYING FORM OF TITLE
Title proper/short title Prakritik Bhugol.
260 ## - PUBLICATION, DISTRIBUTION, ETC.
Place of publication, distribution, etc. ঢাকা:
Name of publisher, distributor, etc. আইডিয়াল লাইব্রেরী,
Date of publication, distribution, etc. ২০০৬।
300 ## - PHYSICAL DESCRIPTION
Extent ৫৩৪ পৃষ্ঠা:
Other physical details ছবি;
Dimensions ২৩ সে.মি.
650 #0 - SUBJECT ADDED ENTRY--TOPICAL TERM
Topical term or geographic name entry element Geography (ভূগোল)
9 (RLIN) 5601
General subdivision প্রাকৃতিক ভূগোল, Physical Geography
942 ## - ADDED ENTRY ELEMENTS (KOHA)
Source of classification or shelving scheme Dewey Decimal Classification
Koha item type Books
Holdings
Withdrawn status Lost status Source of classification or shelving scheme Damaged status Not for loan Collection code Home library Current library Shelving location Date acquired Source of acquisition Total Checkouts Full call number Barcode Date last seen Copy number Price effective from Koha item type Public note
    Dewey Decimal Classification     Non-fiction Asiatic Society Library Asiatic Society Library General Stacks 05/03/2023 Donated by National Atlas of Bangladesh Project   910.02 ISP 121052 05/03/2023 C-1 05/03/2023 Books Y-2006

Powered by Koha